书目信息 |
| 题名: |
青年领导能力训练教程
|
|
| 作者: | 薛智 主编 | |
| 分册: | ||
| 出版信息: | 北京 中国青年出版社 2002 |
|
| 页数: | 370页 | |
| 开本: | 21cm | |
| 丛书名: | 新世纪高素质青年综合能力训练教程系列丛书 | |
| 单 册: | ||
| 中图分类: | C933.2 | |
| 科图分类: | ||
| 主题词: | 领导方法 | |
| 电子资源: | ||
| ISBN: | 7-5006-4614-3 | |
| 000 | 00892oam2 2200253 45 | |
| 001 | 012002007155 | |
| 005 | 20050225105443.0 | |
| 010 | @a7-5006-4614-3@dCNY19.80 | |
| 100 | @a20020121d2002 em y0chiy0110 ea | |
| 101 | 0 | @achi |
| 102 | @aCN@b110000 | |
| 105 | @ay z 000yy | |
| 200 | 1 | @a青年领导能力训练教程@Aqing nian ling dao neng li xun lian jiao cheng@f薛智主编@FXue Zhi Zhu Bian |
| 210 | @a北京@c中国青年出版社@d2002 | |
| 215 | @a370页@d21cm | |
| 225 | 2 | @a新世纪高素质青年综合能力训练教程系列丛书@f薛智主编 |
| 330 | @a本书分领导者应该具备的几种素质,领导者应该具备的几种能力,向优秀的领导学习三部分,提供了逐步训练领导能力的过程。 | |
| 410 | @12001 @a新世纪高素质青年综合能力训练教程系列丛书 | |
| 410 | @1700 0@a薛智@AXue Zhi@4主编 | |
| 606 | 0 | @a领导方法 |
| 690 | @aC933.2@v4 | |
| 701 | 0 | @a薛智@4主编 |
| 801 | 0 | @aCN@bNLC@c20020125 |
| 905 | @b343417-421@dC933.2@e150@f5 | |
| 青年领导能力训练教程/薛智主编.-北京:中国青年出版社,2002 |
| 370页;21cm.-(新世纪高素质青年综合能力训练教程系列丛书/薛智主编) |
| ISBN 7-5006-4614-3:CNY19.80 |
| 本书分领导者应该具备的几种素质,领导者应该具备的几种能力,向优秀的领导学习三部分,提供了逐步训练领导能力的过程。 |
| ● |
| 相关链接 |
|
|
|
|
正题名:青年领导能力训练教程
索取号:C933.2/150
 
预约/预借
| 序号 | 登录号 | 条形码 | 馆藏地/架位号 | 状态 | 备注 |
| 1 | 0343417 | 203434177 | 第一样本阅览室/ [索取号:C933.2/150] | 在馆 | |
| 2 | 0343418 | 203434186 | 教育系资料室/ [索取号:C933.2/150] | 在馆 | |
| 3 | 0343419 | 203434195 | 第一借阅区/ [索取号:C933.2/150] | 在馆 | |
| 4 | 0343420 | 203434202 | 第一借阅区/ [索取号:C933.2/150] | 在馆 | |
| 5 | 0343421 | 203434211 | 教育系资料室/ [索取号:C933.2/150] | 在馆 |